| 000 | 01182nam a2200277Ia 4500 | ||
|---|---|---|---|
| 003 | OSt | ||
| 005 | 20220923211533.0 | ||
| 006 | a|||||r|||| 00| 0 | ||
| 007 | ta | ||
| 008 | 220922b |||||||| |||| 00| 0 san d | ||
| 020 |
_a9789382443728 (hbk) _c500 |
||
| 024 | _a281,819 | ||
| 037 |
_b708/1, 18/03/2014, Vidyanidhi Prakashan _cTextual |
||
| 040 |
_aARTS _cARTS _bsan |
||
| 041 |
_2san _asan |
||
| 082 | _aNA44,2:3(Delta:864), 152Q3 | ||
| 100 | _aकात्यायन, अभय, संपा. | ||
| 245 | 0 |
_aविश्वकर्मप्रकाश _b वास्तुशास्त्रम् |
|
| 246 | _aVishvakarmaprakāsha: vāstushāstram | ||
| 260 |
_aवाराणसी _b चौखम्बा सुरभारती प्रकाशन _c2013 |
||
| 300 |
_a304पृ0 _ccm. |
||
| 490 | _aचौखम्बा सुरभारती ग्रन्थमाला; 563 | ||
| 650 |
_aल्थ्ल्त् क्ल्ज्ञ _9156276 |
||
| 942 |
_hNA44,2:3(Delta:864), 152Q3 _cTEXL _2CC |
||
| 999 |
_c300572 _d300572 |
||